[Event "EIWCC 2017"]
[Site "Riga"]
[Date "2017.04.16"]
[Round "6"]
[White "Mkrtchian, Lilit"]
[Black "Travkina, Anastasia"]
[Result "1-0"]
[WhiteElo "2425"]
[BlackElo "2287"]
[Annotator "TA"]
[PlyCount "71"]
[EventDate "2017.??.??"]
[EventType "swiss"]
[EventCountry "LAT"]
[SourceTitle "playchess.com"]
[Source "ChessBase"]
[SourceQuality "1"]

{[%evp 15,71,12,25,21,20,0,16,0,30,33,37,29,111,103,90,106,84,66,113,112,159,141,133,113,112,108,249,237,305,234,232,239,267,261,603,581,598,594,912,915,875,897,957,941,1118,1108,1225,1246,5631,5146,5895,5710,5273,5122,1484,851,29981,29982]} 1. Nf3 d5 {[%cal Bd7d5,Bd5c4][%mdl 32]} 2. c4 c6 3. g3 dxc4 4. Bg2 Nf6 5. O-O g6 6. a4 {A11: English Opening: 1...c6} (6. Na3 Bg7 7. Nxc4 O-O 8. b3 Nbd7 9. Bb2 Nb6 10. Qc1 Nxc4 11. bxc4 Bg4 12. h3 Bxf3 13. Bxf3 Qc7 {0-1 (56) Aronian,L (2785)-Malakhov,V (2713) Doha 2016}) 6... Bg7 7. Na3 O-O 8. Nxc4 Be6 {LiveBook: 4 Games} 9. d3 Na6 10. a5 $146 (10. Rb1 Bxc4 11. dxc4 Qxd1 12. Rxd1 Rfd8 13. Be3 Rxd1+ 14. Rxd1 {½-½ (41) Richter,J (2070)-Mueller,G (2100) Germany 2009}) 10... Qc8 11. Qb3 Re8 12. Ng5 Nc5 13. Qc2 Bd5 {[#]} (13... Na6 $11) 14. e4 $1 $16 {[%cal Re4d5]} Be6 15. d4 $36 {[%mdl 2048] White has strong initiative.} ({Much weaker is} 15. Nxe6 Nxe6 16. Bd2 Nd4 $11) 15... Na6 16. Bf4 Nh5 17. Be3 Rd8 18. Nxe6 Qxe6 19. Rfd1 Nf6 20. h3 Nb4 {[#]} (20... Nc7 $16 {keeps fighting.}) 21. Qb3 $1 $18 {[%cal Rb3b4]} c5 22. d5 {[%cal Bd4d5,Bd5e6][%mdl 32]} Qc8 23. Rac1 Nd7 {[#]} 24. e5 $1 {[%mdl 512]} Qb8 $2 (24... Nf8 25. f4 Rb8) (24... Nxe5 25. Nxe5) 25. e6 fxe6 26. dxe6 Ne5 27. Rxd8+ Qxd8 28. Nxe5 Bxe5 29. Rxc5 Bd6 30. Qxb4 Bxc5 31. Qxc5 b6 32. Qe5 Qd1+ 33. Kh2 {Intending Bh6 and mate.} Rd8 34. axb6 axb6 35. Bxb6 Rd6 36. Bc5 1-0

[Event "EIWCC 2017"]
[Site "Riga"]
[Date "2017.04.16"]
[Round "6"]
[White "Gaponenko, Inna"]
[Black "Arakhamia-Grant, Ketevan"]
[Result "1/2-1/2"]
[WhiteElo "2416"]
[BlackElo "2374"]
[Annotator "TA"]
[PlyCount "140"]
[EventDate "2017.??.??"]
[EventType "swiss"]
[EventCountry "LAT"]
[SourceTitle "playchess.com"]
[Source "ChessBase"]
[SourceQuality "1"]

{[%evp 14,140,0,4,4,0,0,-12,10,0,0,8,42,42,40,35,45,36,29,35,28,29,29,30,23,16,27,29,25,36,35,36,43,16,37,16,19,6,22,16,61,22,61,55,55,55,55,55,55,55,96,96,97,97,93,96,95,94,142,143,135,38,627,6,182,175,206,145,142,121,128,122,120,122,132,132,131,132,156,156,152,137,259,259,259,259,259,259,259,259,259,254,251,237,227,129,332,332,332,156,332,332,332,332,332,332,332,332,226,156,156,156,156,156,156,156,156,156,384,384,384,384,384,384,384,384,384,384,380]} 1. e4 c5 2. Nf3 e6 3. c3 d5 4. exd5 Qxd5 5. d4 Nf6 6. Bd3 Be7 7. O-O O-O 8. Qe2 b6 {B22: Sicilian: 2 c3} (8... cxd4 9. cxd4 Nc6 10. Be3 Nb4 11. Nc3 Qh5 12. Bc4 b6 13. Bf4 Bb7 14. a3 Nbd5 15. Nxd5 Nxd5 16. Be5 {0-1 (38) Smerdon,D (2531)-Vachier Lagrave,M (2813) Baku 2016}) 9. Bg5 Bb7 10. c4 Qd8 {The position is equal.} 11. dxc5 bxc5 12. Nc3 $146 (12. Rd1 Qb6 13. Nc3 Nc6 14. Ne4 Nd7 15. Bc2 Rfd8 16. Nd6 {½-½ (32) Kalisky,V (2273)-Likavsky,T (2466) Slovakia 2011}) 12... Nbd7 13. Rad1 Qc7 14. Rfe1 Rfe8 15. Bh4 a6 16. Bg3 Qc6 17. Bc2 {And now Ba4 would win.} Red8 18. Ba4 Qb6 19. Bxd7 Nxd7 20. Nd5 exd5 21. Qxe7 d4 $1 22. Ng5 Qf6 23. Bc7 Rdc8 $1 {[%cal Rc8c7]} 24. Qxd7 Qxg5 {[%csl Gb7][%cal Rg5g2]} 25. Bg3 Bc6 26. Qd6 {Hoping for Re5.} f6 27. Re7 $36 {[%mdl 2048] White has good play.} h5 28. h4 Qf5 29. b4 Ba4 30. Rd2 $1 cxb4 31. Qxb4 Bc6 32. Rxd4 Re8 33. Kh2 Rxe7 34. Qxe7 Re8 35. Qc7 Re6 36. Qc8+ $1 (36. Rf4 $6 Qb1 37. Qc8+ Kf7 $11) 36... Kf7 37. a3 ({Better is} 37. Rd6 $16 Be4 38. Rd7+ (38. Rxa6 Rxa6 39. Qxa6 Qc5 $18) 38... Re7 39. Rxe7+ Kxe7 40. Qc7+ (40. Qxa6 Qc5 41. Kg1 Kf7 $18) 40... Qd7 41. Qc5+ Kf7 42. Qxh5+ Kg8 43. Qa5) 37... Qc5 $2 {[%mdl 8192] [#]} (37... Qb1 $14) 38. Rd8 $2 (38. Rd7+ $1 $18 {[%mdl 512]} Re7 (38... Bxd7 39. Qxc5) 39. Rd6) 38... Qe7 $2 ({Much worse is} 38... Qxc4 $6 39. Rd7+ (39. Rf8+ Kg6 40. Qc7 Re2 $17) 39... Re7 40. Rd6 $16 (40. Rxe7+ Kxe7 41. Qh8 Qf7 $11)) (38... Qxa3 $11 {and Black stays safe.} 39. Qc7+ Qe7) 39. Rh8 $18 {Intending Qg8+ and mate.} Be8 40. Rxh5 {Rh8 is the strong threat.} Rc6 41. Qg4 {Threatens to win with Rh8.} Qe6 42. Qxe6+ Kxe6 $16 {[%mdl 4096] Endgame KRB-KRB} 43. Rd5 Rxc4 44. Rd6+ Kf5 45. Rxa6 Ra4 {[#]} 46. Rxa4 $1 Bxa4 {KB-KB} 47. f3 g6 (47... Bc6 $16 {was called for.} 48. Bc7 g5) 48. Bc7 $18 Ke6 49. Kg3 Bb5 50. Kf4 Bf1 51. g3 {[%cal Bg2g3,Bg3g4][%mdl 32]} Bb5 52. Bd8 Bc6 53. g4 Kf7 54. h5 (54. Kg3 $18) 54... gxh5 $2 (54... g5+ $16 55. Kg3 Ba4) 55. gxh5 Kg7 56. Kg3 (56. h6+ $18 {is more deadly.} Kxh6 57. Kg4 (57. Bxf6 Kg6 $14)) 56... Kh6 $2 (56... Ba4 $16 {was worth a try.} 57. Bb6 Kh6) 57. Bxf6 Kxh5 58. Kf4 Kg6 59. Be5 Kf7 60. Ke3 Ke6 61. f4 Kd5 62. Kd3 Bd7 63. Kc3 Kc5 64. Kb3 Kb5 65. a4+ {[%cal Ba3a4,Ba4a5][%mdl 32]} Ka5 $2 (65... Kc5 $16) 66. Bc3+ {White is winning.} Ka6 67. Kb4 Kb7 68. a5 Bf5 69. Kb5 Bd3+ 70. Kc5 Bf5 {[%mdl 32768] An unexpected result.} 1/2-1/2

[Event "EIWCC 2017"]
[Site "Riga"]
[Date "2017.04.16"]
[Round "6"]
[White "Vega Gutierrez, Sabrina"]
[Black "Arabidze, Meri"]
[Result "1/2-1/2"]
[WhiteElo "2413"]
[BlackElo "2373"]
[Annotator "TA"]
[PlyCount "89"]
[EventDate "2017.??.??"]
[EventType "swiss"]
[EventCountry "LAT"]
[SourceTitle "playchess.com"]
[Source "ChessBase"]
[SourceQuality "1"]

{[%evp 10,89,39,0,70,53,62,46,73,77,85,75,75,67,56,62,62,62,80,59,86,68,70,78,84,38,58,41,91,76,108,88,104,99,97,88,99,80,148,130,155,166,166,181,168,152,174,161,164,0,123,0,168,146,174,147,131,1,1,0,4,0,1,6,67,0,3,0,0,0,0,0,0,0,0,0,0,0,0,0,0,0]} 1. d4 d5 2. c4 Nc6 3. Nc3 Nf6 4. Nf3 dxc4 5. e4 Bg4 6. Bxc4 {LiveBook: 4 Games. Hoping for Qb3. D07: Queen's Gambit: Chigorin Defence} (6. d5 Ne5 7. Bf4 Nfd7 8. Bxe5 Nxe5 9. Bxc4 Nxc4 10. Qa4+ c6 11. Qxc4 cxd5 12. Qb5+ Bd7 13. Qxb7 Qb8 14. Qxd5 e6 {0-1 (34) Bluebaum,M (2633)-Naiditsch,A (2663) Drancy 2016}) 6... e6 (6... Bxf3 $1 $11 7. gxf3 (7. Qxf3 Nxd4 8. Qd3 e5 $15) 7... Qxd4) 7. Bb5 $14 Bxf3 8. gxf3 {White is slightly better.} a6 9. Bxc6+ $1 bxc6 10. Qa4 Qd7 11. Be3 Be7 12. O-O $146 (12. Rc1 O-O 13. Nd1 c5 14. Qxd7 Nxd7 15. dxc5 {1-0 (35) Kantor,G (2414)-Petrov,D (2162) Karpacz 2015}) 12... O-O {[%cal Bh8f8,Bf8b8,Bb8b4][%mdl 32]} 13. Rfd1 Rfb8 14. Rd2 Rb4 15. Qd1 Nh5 16. f4 g6 17. a3 Rbb8 18. Rc1 Qd6 19. Qf3 Rb3 20. e5 Qd7 21. Na4 $36 {[%mdl 2048] White is in control.} Qd5 22. Qxd5 cxd5 23. Rxc7 Kf8 (23... Bd8 $142 24. Rd7 Ng7) 24. Rdc2 Ke8 25. Rc8+ Rxc8 26. Rxc8+ Kd7 27. Ra8 Ng7 28. Ra7+ ({Much less strong is} 28. Rxa6 $6 Nf5 $14) 28... Ke8 29. Ra8+ Kd7 30. Ra7+ Ke8 $1 31. Rxa6 Nf5 {[#]} 32. Rb6 $1 {[%cal Rb6b3]} Rd3 {[#]} 33. Nc3 (33. Kf1 $1 $16) 33... Bxa3 $1 $11 34. bxa3 {Black must now prevent Nb5.} (34. Nxd5 $5 {seems wilder.} exd5 35. bxa3 Rxa3 36. Rb5 Nxe3 37. fxe3 Rxe3 38. Rxd5 Re4 39. f5) 34... Nxe3 35. fxe3 {Nb5 is the strong threat.} Rxc3 {[%mdl 4096] Endgame KR-KR} 36. a4 Ra3 (36... Rxe3 $11 37. a5 Ra3) 37. Rb4 ({Better is} 37. Rb8+ $14 Ke7 38. Ra8) 37... Rxe3 {The position is equal.} 38. Kf2 Rh3 39. Kg2 Ra3 40. h4 Kd7 41. Rb7+ Ke8 42. Rb8+ Ke7 43. Rb4 Kd7 44. Rb7+ Ke8 45. Rb8+ 1/2-1/2

[Event "EIWCC 2017"]
[Site "Riga"]
[Date "2017.04.16"]
[Round "6"]
[White "Pustovoitova, Daria"]
[Black "Mamedjarova, Zeinab"]
[Result "1-0"]
[WhiteElo "2411"]
[BlackElo "2322"]
[Annotator "TA"]
[PlyCount "119"]
[EventDate "2017.??.??"]
[EventType "swiss"]
[EventCountry "LAT"]
[SourceTitle "playchess.com"]
[Source "ChessBase"]
[SourceQuality "1"]

{[%evp 16,119,23,6,23,18,28,6,5,4,20,18,33,0,0,7,0,-8,0,0,12,13,28,-2,0,-20,13,32,32,30,29,32,44,42,52,58,64,61,64,67,75,73,66,60,58,58,63,65,70,59,66,66,141,150,196,175,196,108,117,120,231,154,170,175,192,206,204,197,351,310,449,449,439,433,426,407,691,710,820,820,798,784,754,744,712,653,882,878,6187,5794,2600,2708,29970,29971,5097,3875,29990,29980,7775,5520,29992,29993,29995,29996,29996,29997]} 1. d4 d5 2. c4 dxc4 3. Nf3 Nf6 4. e3 e6 5. Bxc4 c5 6. O-O a6 7. dxc5 Qxd1 8. Rxd1 Bxc5 9. Be2 Nc6 {D27: Queen's Gambit Accepted: Classical main line: 7 e4!? and 7 a4} (9... b6 10. Nbd2 Bb7 11. Nc4 Nbd7 12. Nd4 Rc8 13. Nb3 Be7 14. Bd2 O-O 15. f3 Rc7 16. e4 Rfc8 17. Rdc1 e5 18. Kf1 a5 19. a4 Ba6 {½-½ (44) Parligras,M (2607)-Edouard,R (2628) Germany 2016}) 10. Nbd2 O-O 11. Ne1 {[%cal Bf3e1,Be1d3,Bd3c5][%mdl 32]} Rd8 {The position is equal.} 12. Nd3 Bd6 $146 (12... Be7 13. Nc4 b5 14. Nb6 Rb8 15. Nxc8 Rbxc8 16. Bd2 Ne4 17. Be1 Bf6 {½-½ (31) Kononenko,T (2416)-Peric,S (2248) Salou 2005}) 13. Nc4 Bc7 14. a4 e5 15. Bd2 {[%cal Bc1d2,Bd2c3,Bc3d4][%mdl 32]} e4 16. Nc5 b6 17. Nb3 Be6 18. Bc3 Nd5 {[%cal Bf6d5,Bd5b4,Bb4d3][%mdl 32]} 19. Bd4 Ndb4 20. Rac1 Nd3 21. Bxd3 exd3 22. Ncd2 ({Much weaker is} 22. Rxd3 Bxc4 23. Rxc4 Ne5 24. Rxc7 Nxd3 $17) 22... Bd5 23. Rc3 Nxd4 24. Nxd4 Be5 25. Rxd3 Bf6 26. f3 g6 27. Kf2 Bc6 28. b3 {[%cal Bb2b3,Bb3c4,Bc4c5][%mdl 32]} b5 29. axb5 Bxb5 30. Nc4 Bxc4 31. bxc4 Rac8 32. Rc3 Rc7 33. Ke2 Rcd7 ({Black should try} 33... Rdc8 $14) 34. c5 $16 Bxd4 {[#]} 35. Rcd3 $1 Re8 {[#]} 36. Rxd4 $18 {[%mdl 4096] Endgame KRR-KRR} (36. Kf1 $1 $18) 36... Rde7 37. e4 f5 (37... Rc7 $16 {was necessary.}) 38. Ke3 fxe4 39. fxe4 {[%cal Bf3e4,Be4e5][%mdl 32]} Kf7 40. Rf1+ Kg7 41. c6 Rc7 $2 (41... a5 42. Rc4 (42. Rd7 Rxd7 43. cxd7 Rd8 $16) 42... Rc8) 42. Rc1 ({Not} 42. Rd7+ Rxd7 43. cxd7 Rd8 $16) 42... Kf7 (42... a5 {was worth a try.} 43. Rd6 a4) 43. Rd6 Ke7 44. e5 Rb8 45. Ke4 a5 (45... Rb2 $142 46. Kd5 Rd2+ 47. Kc5 Rb2) 46. Kd5 a4 47. Re6+ Kf7 48. Kd6 Rbc8 49. Rf6+ Ke8 50. Rf3 Re7 51. e6 Rd8+ 52. Ke5 {Intending Rcf1 and mate.} Ra7 53. c7 Ra5+ 54. Kf6 Rc8 55. g4 Ra7 56. Ra3 h5 57. h3 {[%cal Bh2h3,Bh3g4][%mdl 32]} hxg4 58. hxg4 {White mates.} Kf8 59. Rh3 {[%cal Rh3h8]} Kg8 60. Rch1 1-0

[Event "EIWCC 2017"]
[Site "Riga"]
[Date "2017.04.16"]
[Round "6"]
[White "Melia, Salome"]
[Black "Khomeriki, Nino"]
[Result "1/2-1/2"]
[WhiteElo "2400"]
[BlackElo "2308"]
[Annotator "TA"]
[PlyCount "89"]
[EventDate "2017.??.??"]
[EventType "swiss"]
[EventCountry "LAT"]
[SourceTitle "playchess.com"]
[Source "ChessBase"]
[SourceQuality "1"]

{[%evp 13,89,39,39,34,39,33,47,24,41,25,30,31,36,38,59,51,53,54,56,60,47,44,104,66,75,31,79,-16,-18,-18,-14,-23,-29,-28,-35,-60,-28,-129,-114,-116,-108,-111,-107,-97,-92,-70,0,-6,-7,-10,0,0,0,0,0,0,0,0,0,0,0,0,0,-7,0,0,0,0,0,0,0,0,0,0,0,0,0,0]} 1. e4 e5 2. Nf3 Nc6 3. Bc4 Nf6 4. d3 Be7 5. O-O O-O 6. Re1 d6 7. a4 Na5 8. Ba2 {C55: Two Knights: 4 d3, 4 d4 exd4 5 e5 and Max Lange Attack} c5 9. c3 (9. Nbd2 Be6 10. Bxe6 fxe6 11. c3 Nc6 12. Nf1 Ne8 13. Ng3 Nc7 14. Bd2 a6 15. Qe2 Qd7 {1-0 (39) Carlsen,M (2840)-Pavasovic,D (2548) chess.com INT 2017}) 9... Nc6 10. Nbd2 {White is slightly better.} Be6 11. Nc4 a6 $146 (11... h6 12. Bd2 a5 13. Ne3 Qd7 14. Nd5 Bd8 15. Nxf6+ Bxf6 {0-1 (57) Iordachescu,V (2648)-Saric,I (2648) Porto Carras 2011}) 12. Bg5 Nd7 13. Bd2 d5 14. exd5 Bxd5 15. Ncxe5 Ndxe5 16. Nxe5 Nxe5 17. Rxe5 Bc6 (17... Bxa2 $14 18. Rxa2 Bd6) 18. Be3 Qd6 19. d4 Rad8 {[%cal Ba8d8,Bd8d7,Bd7d2,Bd2c2][%mdl 32]} 20. Qc2 (20. Rxc5 $16 {aiming for Qc2.} Bxg2 21. Qg4 (21. Kxg2 Qg6+ 22. Kh1 Bxc5 $14)) 20... cxd4 $40 {[%mdl 128] Black is up to no good.} 21. Bxd4 Bf6 $1 {[%cal Rf6e5]} 22. Rh5 {[%csl Gh5][%cal Rc2h7]} g6 23. Bxf6 Qxf6 24. Rh3 $1 Rd7 {[%mdl 1024] Black has compensation.} 25. Bb3 (25. Bc4 $1 $11) 25... Rfd8 $1 $17 26. Rf1 Rd2 27. Qc1 h5 28. Bd1 (28. Rg3 $2 h4 29. Rg4 h3 $1 $19 {[%mdl 512]}) 28... Qf5 ({Wrong is} 28... Bxg2 $2 29. Kxg2 Qf5 30. Bb3 $18 (30. Rf3 Qe4 $11)) 29. Re3 ({Don't go for} 29. Bf3 $2 {[#]} Qxh3 $3 {[%mdl 512]} 30. Bxc6 (30. gxh3 $2 {too greedy.} Bxf3 31. b4 Rd1 $19) 30... Qd3 $19) 29... Kg7 (29... Qd7 $15 30. Bb3 Bxa4 31. Bxa4 Qxa4) 30. Bf3 {The position is equal.} Bxa4 31. c4 Rc2 32. Qa1 {b3+ is the strong threat.} Bc6 33. Bxc6 bxc6 34. b3+ Qf6 35. Rf3 Qxa1 36. Rxa1 $11 {[%mdl 4096] Endgame KRR-KRR} Ra2 {[%cal Ra2a1]} 37. Re1 Rd7 (37... Re8 $5 {is more complex.} 38. Rd1 Rd2 39. Ra1 Red8 40. Kf1 Rd1+) 38. h4 Rb7 39. Re8 Ra3 (39... Ra1+ $5 40. Kh2 $8 a5 $11) 40. Rc8 Raxb3 41. Rxb3 Rxb3 42. Rxc6 a5 43. Ra6 Rc3 44. Rxa5 Rxc4 45. g3 1/2-1/2

[Event "EIWCC 2017"]
[Site "Riga"]
[Date "2017.04.16"]
[Round "6"]
[White "Hoolt, Sarah"]
[Black "Muzychuk, Anna"]
[Result "0-1"]
[WhiteElo "2398"]
[BlackElo "2587"]
[Annotator "TA"]
[PlyCount "102"]
[EventDate "2017.??.??"]
[EventType "swiss"]
[EventCountry "LAT"]
[SourceTitle "playchess.com"]
[Source "ChessBase"]
[SourceQuality "1"]

{[%evp 14,102,0,0,0,0,0,-24,-14,-31,-25,-24,-12,-31,-13,-34,-34,-56,-11,-53,-68,-81,-86,-118,-84,-115,-99,-111,-116,-142,-139,-140,-135,-144,-142,-163,-167,-184,-184,-203,-218,-219,-225,-225,-250,-249,-233,-239,-206,-245,-242,-252,-237,-227,-222,-294,-259,-270,-259,-294,-288,-319,-335,-314,-315,-318,-251,-385,-385,-385,-359,-591,-557,-585,-328,-845,-751,-29975,-29976,-29976,-29977,-29977,-29978,-29978,-29979,-29979,-29980,-29980,-29981,-29981,-29982]} 1. e4 e5 2. Nf3 Nc6 3. Bc4 Bc5 4. d3 Nf6 5. Bb3 O-O 6. O-O h6 7. Nbd2 d6 8. c3 a5 {C54: Giuoco Piano: 4 c3 Nf6, main lines with 5 d4 and 5 d3} (8... Re8 9. Re1 Be6 10. h3 a6 11. Nf1 d5 12. exd5 Bxd5 13. Ng3 Bxb3 14. axb3 e4 15. dxe4 Qxd1 16. Rxd1 Nxe4 17. Nxe4 Rxe4 {½-½ (24) Bacrot,E (2691)-Safarli,E (2694) Novi Sad 2016}) 9. h3 Be6 10. Ba4 Qb8 {Black has an edge.} 11. Bxc6 bxc6 12. d4 exd4 13. cxd4 Bb4 $146 14. Qc2 Qb5 15. Re1 Rfe8 16. Re3 a4 17. a3 Ba5 18. Qd3 Rab8 19. Qxb5 Rxb5 20. Nf1 Bb3 {[%cal Be6b3,Bb3c2,Bc2e4][%mdl 32]} 21. Ng3 Bc2 {[%cal Rc2e4]} 22. Bd2 Bxd2 $1 ({Wrong is} 22... Nxe4 $2 23. Bxa5 Rxa5 24. Rc1 $18) ({Don't do} 22... Bxe4 23. Rae1 d5 24. Bxa5 Rxa5 25. Nxe4 Nxe4 26. Nd2 $15) 23. Nxd2 Rxb2 24. Nc4 Rb3 {[%cal Rc2e4]} 25. Rae1 Rxe3 26. Rxe3 Bxe4 27. Nb2 Bc2 28. Rxe8+ Nxe8 $19 {[%mdl 4096] Endgame KBN-KNN} 29. Ne2 d5 30. Nc3 Nd6 31. Nbxa4 Bxa4 32. Nxa4 {KN-KN} Nb5 33. Nc5 Nxa3 ({Don't play} 33... Nxd4 34. a4) 34. Kf1 Nb5 35. Nb3 Kf8 36. Ke2 Ke7 37. Ke3 Nd6 38. Nc5 Ne4 39. Nb7 Ng5 40. h4 (40. f4 $142 Ne4 41. g4) 40... Ne6 41. f4 f5 42. g3 $2 (42. h5 {was necessary.}) 42... g6 {[%cal Bg7g6,Bg6h5,Bh5h4][%mdl 32]} 43. Kd3 Kd7 44. Ke3 $2 {[#]} (44. Nc5+ Ke7 45. Ke3) 44... c5 $1 45. Nxc5+ Nxc5 {Black mates.} 46. dxc5 {KP-KP} Kc6 47. h5 gxh5 48. Kd4 {[#]} h4 $1 {[%cal Rh4h3]} 49. gxh4 h5 50. Ke5 Kxc5 51. Kxf5 {[#]} d4 $1 0-1

[Event "EIWCC 2017"]
[Site "Riga"]
[Date "2017.04.16"]
[Round "6"]
[White "Houska, Jovanka"]
[Black "Unuk, Laura"]
[Result "1/2-1/2"]
[WhiteElo "2397"]
[BlackElo "2275"]
[Annotator "TA"]
[PlyCount "41"]
[EventDate "2017.??.??"]
[EventType "swiss"]
[EventCountry "LAT"]
[SourceTitle "playchess.com"]
[Source "ChessBase"]
[SourceQuality "1"]

{[%evp 24,41,13,20,16,6,12,7,48,31,21,14,16,6,22,6,8,5,4,0]} 1. d4 d5 2. Nf3 Nf6 3. c4 c6 4. Nc3 a6 5. cxd5 cxd5 6. Bf4 Nc6 7. Rc1 Bf5 8. e3 Rc8 9. Bd3 {D13: Slav Defence: Exchange variation without ...Bf5} (9. Be2 e6 10. O-O Bd6 11. Bxd6 Qxd6 12. Na4 O-O 13. Nc5 Rc7 14. Qb3 Rb8 15. Qb6 Ne8 16. Na4 Rbc8 {1-0 (52) Aronian,L (2815)-Laznicka,V (2679) Dubai 2014}) 9... Bxd3 10. Qxd3 e6 11. O-O Bd6 12. Bxd6 Qxd6 13. Na4 {LiveBook: 3 Games} O-O 14. Nc5 Qe7 15. a3 $146 (15. Qe2 Rfd8 16. h3 Ne4 {1-0 (89) Andersson,U (2544)-Stewart,N (2263) Leiden 2014}) 15... e5 {[#] White must now prevent ...e4.} (15... Na5 $5 {feels hotter.} 16. Nd2 Ne8 17. e4 dxe4 18. Ndxe4 Rd8) 16. dxe5 Nxe5 17. Nxe5 {The position is equal.} Qxe5 18. Qd4 Qxd4 19. exd4 Rc7 20. f3 Rfc8 21. Nd3 1/2-1/2

[Event "EIWCC 2017"]
[Site "Riga"]
[Date "2017.04.16"]
[Round "6"]
[White "Bulmaga, Irina"]
[Black "Socko, Monika"]
[Result "0-1"]
[WhiteElo "2394"]
[BlackElo "2462"]
[Annotator "TA"]
[PlyCount "154"]
[EventDate "2017.??.??"]
[EventType "swiss"]
[EventCountry "LAT"]
[SourceTitle "playchess.com"]
[Source "ChessBase"]
[SourceQuality "1"]

{[%evp 14,154,8,0,11,6,7,7,11,0,0,0,3,0,12,28,73,63,68,53,160,153,166,147,161,87,87,97,97,89,101,83,73,69,63,26,29,17,38,6,39,0,10,0,25,4,0,0,0,-21,-15,-25,0,-33,-40,-96,-91,-81,-79,-96,0,-79,0,0,0,0,0,0,0,0,48,0,0,-21,0,-32,-26,-59,0,0,0,0,0,0,0,0,0,-50,-50,-105,-83,-152,-58,-181,0,-122,-107,-160,0,-116,0,-154,-170,-150,-150,-168,-126,-342,-331,-268,-275,-438,-330,-440,-422,-429,-421,-410,-402,-468,-523,-549,-513,-6558,-5679,-6011,-9848,-5624,-5518,-5700,-5600,-29978,-29979,-29978,-29980,-29979,-29980,-29980,-29980,-29981,-29982,-29982,-29982]} 1. e4 e6 2. d4 d5 3. Nc3 Nf6 4. Bg5 Bb4 5. e5 h6 6. Bh4 g5 7. Bg3 Ne4 8. Nge2 $1 c5 {C12: French: Classical System: McCutcheon Variation} 9. a3 Bxc3+ 10. Nxc3 Nxc3 {The position is equal.} (10... Qa5 11. dxc5 Nc6 12. Qd3 a6 13. O-O-O Nxc3 14. Qxc3 Qxc3 15. bxc3 Bd7 16. h4 {½-½ (66) Popov,I (2596)-Morozevich,A (2683) Moscow 2016}) 11. bxc3 Qa5 12. Qd2 Bd7 13. Bd3 $146 (13. h4 g4 14. Bf4 Nc6 15. Be3 Ne7 16. Bd3 {1-0 (63) Sergeeva,N (2080)-Reshetnikov,R (2106) Voronezh 2015}) 13... Bb5 14. O-O Nc6 15. Bxb5 Qxb5 16. f4 g4 (16... cxd4 $14 17. cxd4 Rc8) 17. Bh4 $16 cxd4 18. cxd4 Qc4 19. Rad1 (19. c3 $18) 19... Kd7 20. f5 {fxe6+ is the strong threat.} Rae8 21. fxe6+ fxe6 22. Rf7+ Kc8 23. Bf6 Rhg8 $1 24. Rb1 b6 $1 25. c3 Kb8 26. Qb2 {aiming for Rxa7!} Ka8 27. a4 {Threatening a5.} Rb8 28. Bh4 h5 29. Rf6 Rge8 30. Qa3 Qd3 31. Ra1 Rbc8 32. Be1 Na5 33. Qa2 {[#]} h4 $1 {[%mdl 512]} 34. Qf2 (34. Bxh4 Rxc3 35. Bf2 Nb3 $19) (34. Rf2 $15) 34... Nb3 $1 $17 {[%cal Rb3a1]} 35. Ra2 g3 36. Qe2 Qh7 (36... Rxc3 $17 37. Bxc3 Qxc3) 37. Rb2 (37. Qd1 $11 Na5 38. Qc2) 37... Na5 ({Black should play} 37... Nc1 $17 38. Qf1 (38. Qc2 Nd3 39. Rb1 Qe4 40. hxg3 hxg3 41. Bxg3 Qxd4+ 42. cxd4 Rxc2 $17) 38... Nd3) 38. Qc2 $11 Qd7 39. hxg3 hxg3 40. Bxg3 Nc4 41. Ra2 $1 Rg8 42. Rf3 Rg4 43. Qf2 Qh7 {White must now prevent ...Qb1+.} 44. Ra1 Rc7 {[%mdl 1024] Black has compensation.} 45. Rf1 Qg6 (45... Rcg7 $15) 46. Bh2 Rg7 {[%cal Rg4g2]} 47. Rf8+ Kb7 {[%cal Rg4g2]} 48. Rf7+ Ka6 {[%cal Rg4g2]} 49. Rxg7 Qxg7 50. Bf4 Qh7 51. g3 (51. Qf3 $15 Rh4 52. Kf2) 51... Rg8 $17 52. Qg2 (52. Qf3 $142) 52... Qd3 (52... Ka5 $1 $17 53. Ra1 Qd3) 53. Rc1 (53. Rf3 $1 $15 Qd1+ 54. Rf1) 53... Rf8 $2 (53... Ka5 $1 $19 54. Qh2 a6) 54. Qf1 (54. Qc2 $1 $11 Qf3 55. Qd1) 54... Qe4 (54... Qxf1+ $6 55. Rxf1 b5 56. Ra1 $11) 55. Qf2 {[#]} (55. Re1 $142 Qg6 56. Qf3) 55... Qd3 $2 ({Black should try} 55... Ka5 $1 $17 56. Re1 Qd3) 56. Qf1 (56. Qc2 $11 Qf3 57. Qd1) 56... Qe4 ({Much weaker is} 56... Qxf1+ $6 57. Rxf1 b5 58. axb5+ Kxb5 59. Kg2 $11 (59. Rb1+ Kc6 $11)) 57. Qf2 $1 {[#]} Ka5 $1 $40 {[%mdl 128] Black attacks with force.} 58. Re1 Qd3 59. Rc1 Rf7 60. Qf1 $2 (60. Kh2 $17) 60... Qxf1+ $19 61. Rxf1 Kxa4 {[%mdl 4096] Endgame KRB-KRN} 62. g4 (62. Bc1 $142 Rg7 63. Kg2) 62... Rg7 63. g5 {White hopes to continue with Rb1.} Kb3 64. Kg2 a5 (64... Kxc3 65. Kf3 $19) 65. Kg3 a4 (65... Kxc3 $2 66. Kg4 $19) 66. Kg4 {intending Kh5.} a3 (66... Kxc3 67. Kh5 $17) 67. Kh5 a2 68. Kh6 (68. g6 $142 Ra7 69. Bg3) 68... Ra7 69. g6 a1=Q (69... Kxc3 70. g7 Ra8 71. Rc1+ Kb2 72. Bg5 $19) 70. Rxa1 Rxa1 71. g7 Ra8 72. Kh7 Kxc3 {Black mates.} 73. g8=Q Rxg8 74. Kxg8 Kxd4 75. Kf7 Nxe5+ 76. Kxe6 Nd3 77. Bg3 b5 0-1